Niños felices : (Record no. 164424)

MARC details
000 -CABECERA
campo de control de longitud fija 00896nam a2200253 u 4500
005 - FECHA Y HORA DE LA ÚLTIMA TRANSACCIÓN
campo de control 20250221063813.0
008 - ELEMENTOS DE LONGITUD FIJA--INFORMACIÓN GENERAL
campo de control de longitud fija 130819s2009 es r 000 0 spa d
020 ## - NÚMERO INTERNACIONAL NORMALIZADO PARA LIBROS
Número Internacional Estándar del Libro 9788449321931
035 ## - NÚMERO DE CONTROL DEL SISTEMA
Número de control de sistema UPN01000192321
049 ## - COLECCIÓN
Colección CG
050 #4 - SIGNATURA TOPOGRÁFICA DE LA BIBLIOTECA DEL CONGRESO
Número de clasificación HQ755.8
Número de documento/Ítem G7.6
100 1# - ASIENTO PRINCIPAL--NOMBRE PERSONAL
Nombre de persona Greenspan, Stanley I.
9 (RLIN) 34149
245 10 - MENCIÓN DE TÍTULO
Título Niños felices :
Resto del título cómo enseñar a tu hijo las diez cualidades esenciales para alcanzar una vida feliz /
Mención de responsabilidad, etc. Stanley I. Greenspan ; tr. Paula García.
260 ## - PUBLICACIÓN, DISTRIBUCIÓN, ETC.
Lugar de publicación, distribución, etc. Barcelona, Esp. :
Nombre del editor, distribuidor, etc. Paidós,
Fecha de publicación, distribución, etc. 2009.
300 ## - DESCRIPCIÓN FÍSICA
Extensión 218 p.
440 #0 - MENCIÓN DE SERIE/ASIENTO SECUNDARIO--TÍTULO
Título Guía para padres ;
Designación de volumen o secuencia 92
534 ## - NOTA SOBRE LA VERSIÓN ORIGINAL
Frase introductoria Título original:
Mención de título del original Great kids, helping your baby and child : develop the ten essential qualities for a happy, healthy life
650 #2 - ASIENTO SECUNDARIO DE MATERIA - TERMINO TEMATICO
Término de materia o nombre geográfico como elemento de entrada Paternidad
9 (RLIN) 6964
650 #4 - ASIENTO SECUNDARIO DE MATERIA - TERMINO TEMATICO
Término de materia o nombre geográfico como elemento de entrada Crianza de niños
9 (RLIN) 6222
650 #4 - ASIENTO SECUNDARIO DE MATERIA - TERMINO TEMATICO
Término de materia o nombre geográfico como elemento de entrada Desarrollo infantil
9 (RLIN) 176
905 ## - TIPO DE MATERIAL
Tipo de material Libro
Holdings
Estado de retiro Estado de pérdida Fuente del sistema de clasificación o colocación Estado dañado No para préstamo Código de colección Localización permanente Ubicación/localización actual Ubicación en estantería Total de préstamos Clasificación Código de barras Fecha visto por última vez Número de copia Tipo de ítem Koha Fecha de adquisición Renovaciones totales Fecha del último préstamo
    Library of Congress Classification     Colección General Bib. Gregorio Torres Quintero Bib. Gregorio Torres Quintero Planta baja 2 HQ755.8 G7.6 289823 31/12/2020 1 Libro      
    Library of Congress Classification     Colección General Bib. Gregorio Torres Quintero Bib. Gregorio Torres Quintero Planta baja 3 HQ755.8 G7.6 289822 31/12/2020 1 Libro      
    Library of Congress Classification     Colección General Bib. Gregorio Torres Quintero Bib. Gregorio Torres Quintero Planta baja 4 HQ755.8 G7.6 289821 04/10/2023 1 Libro 06/09/2023 1 06/09/2023